Niekedy aj piliny chutia

Bibliographic Details
Main Author: Szattler, Eduard (Author)
Format: Article
Language:Slovak
PhysicalDescription:Obr. 2.
Subjects:

MARC

LEADER 00000nab a2200000 a 4500
001 vtls000264254
003 SK-MaSNL
005 20260303184730.0
008 111130c1986 xo 0 slo
015 |a SNBRB19rr/mm-uuuuu 
035 |a CL0274368 
040 |a SNKBUCL  |b slo  |c SNKBUCL  |e AACR2 
041 0 |a slo 
044 |a xo  |c SK 
080 |a 636.087.7:630 33  |2 1981 
080 |a 630 33  |2 1981 
080 |a 675.038.4  |2 1981 
100 1 |a Szattler, Eduard  |4 aut  |9 380795 
245 1 0 |a Niekedy aj piliny chutia  |c Eduard Szattler 
300 |b Obr. 2. 
650 0 7 |a doplnkové krmivá  |2 snkbucl  |9 1215180 
650 0 7 |a drevný odpad  |2 snkbucl  |9 72948 
655 7 |a články z novín a časopisov  |2 snkbucl  |9 267496 
773 0 |t Roľnícke noviny  |g Roč. 41, č. 289 (8. 12. 1986), s. 4 
850 |a Slovenská národná knižnica v Martine  |a MTA001 
852 |a SNK  |b KIS3GCP 
958 |a RK 
992 |a RBX 
999 |c 2127828  |d 2129758